=LDR 00000nam 2200000 4500 =001 INLIS000000000000158 =005 20150225083649.0 =006 =007 =008 Ind =035 ##$$0010-061300000000158 =041 ##$$a Ind =082 ##$$a 92(Simatupang) =090 ##$$a 92(Simatupang) Sum m =100 ##$$a Simatupang, T.B =245 ##$$a Membuktikan ketidakbenaran suatu mitos, T.bSimatupang =260 ##$$aJakarta$bPustaka Sinar Harapan$c1991 =300 ##$$a xii, 296 hlm. ; 21 cm =650 ##$$a Simatupang, TB (Tahi Bonar),1920-1990 =850 ##$$a NBPNMAT